Blue Öyster Cult: Albums by Cover - Statistics

General Stats
  • This quiz has been taken 10 times
  • The average score is 10 of 16
Answer Stats
Picture Hint Answer % Correct
1972 Blue Öyster Cult
100%
1974 Secret Treaties
100%
1976 Agents of Fortune
90%
1980 Cultösaurus Erectus
80%
1981 Fire of Unknown Origin
70%
1988 Imaginos
70%
1979 Mirrors
70%
1977 Spectres
70%
1973 Tyranny and Mutation
60%
1985 Club Ninja
50%
1983 The Revölution by Night
50%
1998 Heaven Forbid
40%
2020 The Symbol Remains
40%
1994 Cult Classic
30%
2001 Curse of the Hidden Mirror
30%
2024 Ghost Stories
30%
No matching quizzes found
Score Distribution
Percent of People with Each Score
Percentile by Number Answered
Your Score History
You have not taken this quiz